New political geography of Eastern Europe

Αποθηκεύτηκε σε:
Λεπτομέρειες βιβλιογραφικής εγγραφής
Άλλοι συγγραφείς: O'Loughlin, John Vianney (Επιμελητής έκδοσης), Wusten, Herman van der (Επιμελητής έκδοσης)
Μορφή: Βιβλίο
Γλώσσα:English
Δημοσίευση: London : Belhaven PRess, c1993
Ετικέτες: Προσθήκη ετικέτας
Δεν υπάρχουν, Καταχωρήστε ετικέτα πρώτοι!

MARC

LEADER 00000nam a2200000 i 4500
001 1/25002
008 981203s1993 eng d
020 |a 1-85293-259-7 
035 |l 10037228 
040 |a GR-MY-UA  |b gre  |e aacr 
041 0 |a eng 
082 0 |a 947.085 
245 1 0 |a New political geography of Eastern Europe /  |c edited by John O'Loughlin and Herman van der Wusten 
260 |a London :   |b Belhaven PRess,   |c c1993 
300 |a 280 p. 
500 |a Co-published in the Americans by Halsted Press, an inprint of John Wiley & sons 
504 |a Includes bibliographical references and index 
700 0 |a O'Loughlin, John Vianney.  |4 edt 
700 0 |a Wusten, Herman van der.  |4 edt 
852 |a INST  |b LESVOS  |e 19981203  |h 947.085 NEW  |p 005100017440  |q 005100017440  |t BK  |y 0 
901 |a BIBL-1999-1 
909 |a Λ  |b 060383 
922 |a 1ΕΛΗ  |b 199810  |c ΚΠΣ/ΤΓ  |d ΠΑΠΑΣΩΤΗΡΙΟΥ 
950 |a 118-1998-07-18